000 00395nam a2200169Ia 4500
008 230711s9999||||xx |||||||||||||| ||und||
041 _aENG
082 _a720
_bPA-D
100 _aPanich,Terrence
245 0 _aDesert south west gardens
250 _a1st Ed.
260 _c1990
_aNew Jersy
_bBantam Books
300 _a245
650 _aArchitecture
700 _aTrulsson,Paula
942 _cBK
999 _c2475
_d2475